[Event "Campeonato España Sub 12"]
[Site "Salobreña"]
[Date "2017.07.10"]
[Round "1"]
[White "Vinuales Ferro, Antonio"]
[Black "Fernandez Estremera, Fernando"]
[Result "0-1"]
[Board "11"]
[WhiteClock "-:--:--"]
[WhiteElo "1338"]
[WhiteCountry "ESP"]
[WhiteFideId "32094043"]
[WhiteEloChange "-2"]
[BlackClock "-:--:--"]
[BlackElo "1809"]
[BlackCountry "ESP"]
[BlackFideId "24520152"]
[BlackEloChange "2"]

1. e4 {[%clk 1:30:30]} c5 {[%clk 1:30:30]} 2. Nf3 {[%clk 1:30:30]} e6 {[%clk
1:30:30]} 3. d4 {[%clk 1:30:30]} cxd4 {[%clk 1:30:30]} 4. Nxd4 {[%clk 1:30:30]}
a6 {[%clk 1:30:30]} 5. Nc3 {[%clk 1:30:30]} b5 {[%clk 1:30:30]} 6. f3 {[%clk
1:30:30]} Bb7 {[%clk 1:30:30]} 7. Be3 {[%clk 1:30:30]} Qc7 {[%clk 1:30:30]} 8.
Qd2 {[%clk 1:30:30]} Nf6 {[%clk 1:30:30]} 9. O-O-O {[%clk 1:30:30]} d5 {[%clk
1:30:30]} 10. g4 {[%clk 1:30:30]} b4 {[%clk 1:30:30]} 11. Nce2 {[%clk 1:30:30]}
dxe4 {[%clk 1:30:30]} 12. Bg2 {[%clk 1:30:30]} exf3 {[%clk 1:30:30]} 13. Bxf3
{[%clk 1:30:30]} Bxf3 {[%clk 1:30:30]} 14. Nxf3 {[%clk 1:30:30]} Nc6 {[%clk
1:30:30]} 15. h3 {[%clk 1:30:30]} Be7 {[%clk 1:30:30]} 16. g5 {[%clk 1:30:30]}
Nd5 {[%clk 1:30:30]} 17. Bf2 {[%clk 1:30:30]} O-O {[%clk 1:30:30]} 18. h4 {[%clk
1:30:30]} Rfd8 {[%clk 1:30:30]} 19. Qe1 {[%clk 1:30:30]} Ne5 {[%clk 1:30:30]} 20.
Nxe5 {[%clk 1:30:30]} Qxe5 {[%clk 1:30:30]} 21. Nd4 {[%clk 1:30:30]} Qf4+ {[%clk
1:30:30]} 22. Kb1 {[%clk 1:30:30]} Rac8 {[%clk 1:30:30]} 23. Rf1 {[%clk 1:30:30]}
Qc7 {[%clk 1:30:30]} 0-1

[Event "Campeonato España Sub 12"]
[Site "Salobreña"]
[Date "2017.07.10"]
[Round "1"]
[White "Tadevosyan, Aspet"]
[Black "Periotto Miori, Lautaro"]
[Result "1-0"]
[Board "12"]
[WhiteClock "-:--:--"]
[WhiteElo "1786"]
[WhiteCountry "ESP"]
[WhiteFideId "24526134"]
[WhiteEloChange "2"]
[BlackClock "-:--:--"]
[BlackElo "1332"]
[BlackCountry "ESP"]
[BlackFideId "24516511"]
[BlackEloChange "-2"]

1. d4 {[%clk 1:30:30]} Nf6 {[%clk 1:30:30]} 2. c4 {[%clk 1:30:30]} e6 {[%clk
1:30:30]} 3. Nf3 {[%clk 1:30:30]} d5 {[%clk 1:30:30]} 4. e3 {[%clk 1:30:30]} c6
{[%clk 1:30:30]} 5. b3 {[%clk 1:30:30]} Be7 {[%clk 1:30:30]} 6. Bd3 {[%clk
1:30:30]} O-O {[%clk 1:30:30]} 7. O-O {[%clk 1:30:30]} Nbd7 {[%clk 1:30:30]} 8.
Bb2 {[%clk 1:30:30]} c5 {[%clk 1:30:30]} 9. Qc2 {[%clk 1:30:30]} Kh8 {[%clk
1:30:30]} 10. Nc3 {[%clk 1:30:30]} dxc4 {[%clk 1:30:30]} 11. bxc4 {[%clk
1:30:30]} b6 {[%clk 1:30:30]} 12. d5 {[%clk 1:30:30]} exd5 {[%clk 1:30:30]} 13.
cxd5 {[%clk 1:30:30]} Bb7 {[%clk 1:30:30]} 14. e4 {[%clk 1:30:30]} a6 {[%clk
1:30:30]} 15. a4 {[%clk 1:30:30]} Qc7 {[%clk 1:30:30]} 16. Nd2 {[%clk 1:30:30]}
Bd6 {[%clk 1:30:30]} 17. g3 {[%clk 1:30:30]} Ng8 {[%clk 1:30:30]} 18. Nc4 {[%clk
1:30:30]} f6 {[%clk 1:30:30]} 19. Rab1 {[%clk 1:30:30]} Rae8 {[%clk 1:30:30]} 20.
Ba1 {[%clk 1:30:30]} Nh6 {[%clk 1:30:30]} 21. f4 {[%clk 1:30:30]} Rb8 {[%clk
1:30:30]} 22. Qb2 {[%clk 1:30:30]} Bc8 {[%clk 1:30:30]} 23. Qe2 {[%clk 1:30:30]}
Ra8 {[%clk 1:30:30]} 24. Nd1 {[%clk 1:30:30]} Re8 {[%clk 1:30:30]} 25. Nde3
{[%clk 1:30:30]} Bb7 {[%clk 1:30:30]} 26. Rb3 {[%clk 1:30:30]} Ng8 {[%clk
1:30:30]} 27. Rfb1 {[%clk 1:30:30]} Ne7 {[%clk 1:30:30]} 28. Qh5 {[%clk 1:30:30]}
g6 {[%clk 1:30:30]} 29. Qh4 {[%clk 1:30:30]} Ng8 {[%clk 1:30:30]} 30. Nxb6 {[%clk
1:30:30]} Nxb6 {[%clk 1:30:30]} 31. Rxb6 {[%clk 1:30:30]} Bc8 {[%clk 1:30:30]}
32. Bxf6+ {[%clk 1:30:30]} Nxf6 {[%clk 1:30:30]} 33. Qxf6+ {[%clk 1:30:30]} Qg7
{[%clk 1:30:30]} 34. Qxg7+ {[%clk 1:30:30]} Kxg7 {[%clk 1:30:30]} 35. Rxd6 {[%clk
1:30:30]} Kh8 {[%clk 1:30:30]} 36. Rbb6 {[%clk 1:30:30]} a5 {[%clk 1:30:30]} 37.
e5 {[%clk 1:30:30]} Kg8 {[%clk 1:30:30]} 38. Bb5 {[%clk 1:30:30]} Rf8 {[%clk
1:30:30]} 39. Rf6 {[%clk 1:30:30]} Rd8 {[%clk 1:30:30]} 40. Rbd6 {[%clk 1:30:30]}
Bb7 {[%clk 1:30:30]} 41. Rxd8+ {[%clk 1:30:30]} Rxd8 {[%clk 1:30:30]} 42. d6
{[%clk 1:30:30]} Bc8 {[%clk 1:30:30]} 43. Nc4 {[%clk 1:30:30]} Kg7 {[%clk
1:30:30]} 44. Nb6 {[%clk 1:30:30]} Bb7 {[%clk 1:30:30]} 45. d7 {[%clk 1:30:30]}
Be4 {[%clk 1:30:30]} 46. Re6 {[%clk 1:30:30]} 1-0

[Event "Campeonato España Sub 12"]
[Site "Salobreña"]
[Date "2017.07.10"]
[Round "1"]
[White "Rico Carretero, Jose Carlos"]
[Black "Badillo Ramos, Steve"]
[Result "0-1"]
[Board "13"]
[WhiteClock "-:--:--"]
[WhiteElo "1420"]
[WhiteCountry "ESP"]
[WhiteFideId "24533181"]
[WhiteEloChange "-2"]
[BlackClock "-:--:--"]
[BlackElo "1802"]
[BlackCountry "ESP"]
[BlackFideId "24526150"]
[BlackEloChange "2"]

1. e4 {[%clk 1:30:30]} c5 {[%clk 1:30:30]} 2. Nf3 {[%clk 1:30:30]} d6 {[%clk
1:30:30]} 3. d4 {[%clk 1:30:30]} cxd4 {[%clk 1:30:30]} 4. Nxd4 {[%clk 1:30:30]}
Nf6 {[%clk 1:30:30]} 5. Nc3 {[%clk 1:30:30]} g6 {[%clk 1:30:30]} 6. Bc4 {[%clk
1:30:30]} Bg7 {[%clk 1:30:30]} 7. Bg5 {[%clk 1:30:30]} O-O {[%clk 1:30:30]} 8. f3
{[%clk 1:30:30]} Nc6 {[%clk 1:30:30]} 9. Nxc6 {[%clk 1:30:30]} bxc6 {[%clk
1:30:30]} 10. Qd2 {[%clk 1:30:30]} Rb8 {[%clk 1:30:30]} 11. Bh6 {[%clk 1:30:30]}
Be6 {[%clk 1:30:30]} 12. Bxg7 {[%clk 1:30:30]} Kxg7 {[%clk 1:30:30]} 13. Bb3
{[%clk 1:30:30]} h5 {[%clk 1:30:30]} 14. f4 {[%clk 1:30:30]} Rb4 {[%clk 1:30:30]}
15. Qe3 {[%clk 1:30:30]} Qa5 {[%clk 1:30:30]} 16. O-O {[%clk 1:30:30]} c5 {[%clk
1:30:30]} 17. f5 {[%clk 1:30:30]} Bd7 {[%clk 1:30:30]} 18. fxg6 {[%clk 1:30:30]}
c4 {[%clk 1:30:30]} 19. a3 {[%clk 1:30:30]} Rb7 {[%clk 1:30:30]} 20. Bxc4 {[%clk
1:30:30]} fxg6 {[%clk 1:30:30]} 21. b4 {[%clk 1:30:30]} Qe5 {[%clk 1:30:30]} 22.
Rae1 {[%clk 1:30:30]} Rc7 {[%clk 1:30:30]} 23. Qd3 {[%clk 1:30:30]} Rxc4 {[%clk
1:30:30]} 24. Qxc4 {[%clk 1:30:30]} Rc8 {[%clk 1:30:30]} 25. Qa6 {[%clk 1:30:30]}
Rxc3 {[%clk 1:30:30]} 26. Qxa7 {[%clk 1:30:30]} Ng4 {[%clk 1:30:30]} 27. Rf3
{[%clk 1:30:30]} Rxf3 {[%clk 1:30:30]} 28. gxf3 {[%clk 1:30:30]} Qxh2+ {[%clk
1:30:30]} 29. Kf1 {[%clk 1:30:30]} Bb5+ {[%clk 1:30:30]} 30. Re2 {[%clk 1:30:30]}
Qxe2+ {[%clk 1:30:30]} 31. Kg1 {[%clk 1:30:30]} Qh2# {[%clk 1:30:30]} 0-1

[Event "Campeonato España Sub 12"]
[Site "Salobreña"]
[Date "2017.07.10"]
[Round "1"]
[White "Aguado Doncel, Pablo Luis"]
[Black "Donate Moreno, Silvia"]
[Result "1-0"]
[Board "14"]
[WhiteClock "-:--:--"]
[WhiteElo "1766"]
[WhiteCountry "ESP"]
[WhiteFideId "24538256"]
[WhiteEloChange "2"]
[BlackClock "-:--:--"]
[BlackElo "1326"]
[BlackCountry "ESP"]
[BlackFideId "24581887"]
[BlackEloChange "-2"]

1. d4 {[%clk 1:30:30]} Nf6 {[%clk 1:30:30]} 2. Nf3 {[%clk 1:30:30]} c5 {[%clk
1:30:30]} 3. d5 {[%clk 1:30:30]} d6 {[%clk 1:30:30]} 4. c4 {[%clk 1:30:30]} b5
{[%clk 1:30:30]} 5. cxb5 {[%clk 1:30:30]} a6 {[%clk 1:30:30]} 6. bxa6 {[%clk
1:30:30]} Bxa6 {[%clk 1:30:30]} 7. Nc3 {[%clk 1:30:30]} g6 {[%clk 1:30:30]} 8. e4
{[%clk 1:30:30]} Bxf1 {[%clk 1:30:30]} 9. Kxf1 {[%clk 1:30:30]} Bg7 {[%clk
1:30:30]} 10. g3 {[%clk 1:30:30]} O-O {[%clk 1:30:30]} 11. h3 {[%clk 1:30:30]}
Nbd7 {[%clk 1:30:30]} 12. Kg2 {[%clk 1:30:30]} Qb6 {[%clk 1:30:30]} 13. Qc2
{[%clk 1:30:30]} Rfb8 {[%clk 1:30:30]} 14. Re1 {[%clk 1:30:30]} Ne8 {[%clk
1:30:30]} 15. Re2 {[%clk 1:30:30]} Qb7 {[%clk 1:30:30]} 16. b3 {[%clk 1:30:30]}
Nc7 {[%clk 1:30:30]} 17. Bb2 {[%clk 1:30:30]} Na6 {[%clk 1:30:30]} 18. Nd1 {[%clk
1:30:30]} Nb4 {[%clk 1:30:30]} 19. Qd2 {[%clk 1:30:30]} Bxb2 {[%clk 1:30:30]} 20.
Qxb2 {[%clk 1:30:30]} Nd3 {[%clk 1:30:30]} 21. Qc3 {[%clk 1:30:30]} N3e5 {[%clk
1:30:30]} 22. Nxe5 {[%clk 1:30:30]} Nxe5 {[%clk 1:30:30]} 23. Ne3 {[%clk
1:30:30]} Qb4 {[%clk 1:30:30]} 24. Qxb4 {[%clk 1:30:30]} Rxb4 {[%clk 1:30:30]}
25. f4 {[%clk 1:30:30]} Nd7 {[%clk 1:30:30]} 26. Nc2 {[%clk 1:30:30]} Rb5 {[%clk
1:30:30]} 27. Re3 {[%clk 1:30:30]} f6 {[%clk 1:30:30]} 28. a4 {[%clk 1:30:30]}
Rb7 {[%clk 1:30:30]} 29. Na3 {[%clk 1:30:30]} Nb6 {[%clk 1:30:30]} 30. Rc1 {[%clk
1:30:30]} Nc8 {[%clk 1:30:30]} 31. Nc4 {[%clk 1:30:30]} Nb6 {[%clk 1:30:30]} 32.
Nxb6 {[%clk 1:30:30]} Rxb6 {[%clk 1:30:30]} 33. e5 {[%clk 1:30:30]} fxe5 {[%clk
1:30:30]} 34. fxe5 {[%clk 1:30:30]} Rab8 {[%clk 1:30:30]} 35. exd6 {[%clk
1:30:30]} exd6 {[%clk 1:30:30]} 36. Rcc3 {[%clk 1:30:30]} Rb4 {[%clk 1:30:30]}
37. Re6 {[%clk 1:30:30]} Rxb3 {[%clk 1:30:30]} 38. Rxb3 {[%clk 1:30:30]} Rxb3
{[%clk 1:30:30]} 39. Rxd6 {[%clk 1:30:30]} Ra3 {[%clk 1:30:30]} 40. Rc6 {[%clk
1:30:30]} Rxa4 {[%clk 1:30:30]} 41. Rxc5 {[%clk 1:30:30]} Ra7 {[%clk 1:30:30]}
42. Kf3 {[%clk 1:30:30]} Kf7 {[%clk 1:30:30]} 43. Ke4 {[%clk 1:30:30]} Re7+
{[%clk 1:30:30]} 44. Kd4 {[%clk 1:30:30]} Rd7 {[%clk 1:30:30]} 45. Rc6 {[%clk
1:30:30]} Ke7 {[%clk 1:30:30]} 46. Re6+ {[%clk 1:30:30]} Kf7 {[%clk 1:30:30]} 47.
Kc5 {[%clk 1:30:30]} Re7 {[%clk 1:30:30]} 48. Rxe7+ {[%clk 1:30:30]} Kxe7 {[%clk
1:30:30]} 49. Kc6 {[%clk 1:30:30]} Kd8 {[%clk 1:30:30]} 50. Kd6 {[%clk 1:30:30]}
h6 {[%clk 1:30:30]} 51. g4 {[%clk 1:30:30]} g5 {[%clk 1:30:30]} 52. Ke6 {[%clk
1:30:30]} Ke8 {[%clk 1:30:30]} 53. d6 {[%clk 1:30:30]} Kd8 {[%clk 1:30:30]} 54.
d7 {[%clk 1:30:30]} 1-0

[Event "Campeonato España Sub 12"]
[Site "Salobreña"]
[Date "2017.07.10"]
[Round "1"]
[White "Guardia Suarez, Hector"]
[Black "Lopez Varela, Pablo"]
[Result "0-1"]
[Board "15"]
[WhiteClock "-:--:--"]
[WhiteElo "1318"]
[WhiteCountry "ESP"]
[WhiteFideId "24541346"]
[WhiteEloChange "-2"]
[BlackClock "-:--:--"]
[BlackElo "1724"]
[BlackCountry "ESP"]
[BlackFideId "32092105"]
[BlackEloChange "2"]

1. e4 {[%clk 1:30:30]} e5 {[%clk 1:30:30]} 2. Nf3 {[%clk 1:30:30]} d6 {[%clk
1:30:30]} 3. c3 {[%clk 1:30:30]} Be7 {[%clk 1:30:30]} 4. d4 {[%clk 1:30:30]} Nd7
{[%clk 1:30:30]} 5. Be3 {[%clk 1:30:30]} Ngf6 {[%clk 1:30:30]} 6. Bd3 {[%clk
1:30:30]} c6 {[%clk 1:30:30]} 7. Nbd2 {[%clk 1:30:30]} Qc7 {[%clk 1:30:30]} 8.
Qc2 {[%clk 1:30:30]} Ng4 {[%clk 1:30:30]} 9. O-O {[%clk 1:30:30]} Nxe3 {[%clk
1:30:30]} 10. fxe3 {[%clk 1:30:30]} O-O {[%clk 1:30:30]} 11. Nc4 {[%clk 1:30:30]}
b5 {[%clk 1:30:30]} 12. Ncd2 {[%clk 1:30:30]} Bb7 {[%clk 1:30:30]} 13. a4 {[%clk
1:30:30]} a6 {[%clk 1:30:30]} 14. axb5 {[%clk 1:30:30]} axb5 {[%clk 1:30:30]} 15.
Qb3 {[%clk 1:30:30]} Nf6 {[%clk 1:30:30]} 16. c4 {[%clk 1:30:30]} bxc4 {[%clk
1:30:30]} 17. Bxc4 {[%clk 1:30:30]} d5 {[%clk 1:30:30]} 18. exd5 {[%clk 1:30:30]}
cxd5 {[%clk 1:30:30]} 19. Be2 {[%clk 1:30:30]} e4 {[%clk 1:30:30]} 20. Rac1
{[%clk 1:30:30]} Qb8 {[%clk 1:30:30]} 21. Ne5 {[%clk 1:30:30]} Bd6 {[%clk
1:30:30]} 22. g3 {[%clk 1:30:30]} Ba6 {[%clk 1:30:30]} 23. Bxa6 {[%clk 1:30:30]}
Rxa6 {[%clk 1:30:30]} 24. Rxf6 {[%clk 1:30:30]} gxf6 {[%clk 1:30:30]} 25. Nd7
{[%clk 1:30:30]} Qxb3 {[%clk 1:30:30]} 26. Nxb3 {[%clk 1:30:30]} Rd8 {[%clk
1:30:30]} 27. Nxf6+ {[%clk 1:30:30]} Kg7 {[%clk 1:30:30]} 28. Nxd5 {[%clk
1:30:30]} Rb8 {[%clk 1:30:30]} 29. Nc5 {[%clk 1:30:30]} Bxc5 {[%clk 1:30:30]} 30.
dxc5 {[%clk 1:30:30]} Rxb2 {[%clk 1:30:30]} 31. c6 {[%clk 1:30:30]} Raa2 {[%clk
1:30:30]} 32. Nb4 {[%clk 1:30:30]} Rg2+ {[%clk 1:30:30]} 33. Kf1 {[%clk 1:30:30]}
Raf2+ {[%clk 1:30:30]} 34. Ke1 {[%clk 1:30:30]} Rg1+ {[%clk 1:30:30]} 35. Kxf2
{[%clk 1:30:30]} Rxc1 {[%clk 1:30:30]} 36. g4 {[%clk 1:30:30]} Rc4 {[%clk
1:30:30]} 37. c7 {[%clk 1:30:30]} Rxc7 {[%clk 1:30:30]} 38. Nd5 {[%clk 1:30:30]}
Rc5 {[%clk 1:30:30]} 39. Ne7 {[%clk 1:30:30]} Kf6 {[%clk 1:30:30]} 40. Nf5 {[%clk
1:30:30]} h5 {[%clk 1:30:30]} 41. Ng3 {[%clk 1:30:30]} Rc2+ {[%clk 1:30:30]} 42.
Kg1 {[%clk 1:30:30]} hxg4 {[%clk 1:30:30]} 43. Nxe4+ {[%clk 1:30:30]} Ke5 {[%clk
1:30:30]} 44. Nf2 {[%clk 1:30:30]} f5 {[%clk 1:30:30]} 45. Kf1 {[%clk 1:30:30]}
Ra2 {[%clk 1:30:30]} 46. Kg1 {[%clk 1:30:30]} Re2 {[%clk 1:30:30]} 47. e4 {[%clk
1:30:30]} Rxf2 {[%clk 1:30:30]} 48. Kxf2 {[%clk 1:30:30]} f4 {[%clk 1:30:30]} 49.
Kf1 {[%clk 1:30:30]} Kxe4 {[%clk 1:30:30]} 50. Ke2 {[%clk 1:30:30]} f3+ {[%clk
1:30:30]} 51. Kf2 {[%clk 1:30:30]} Kf4 {[%clk 1:30:30]} 52. Kf1 {[%clk 1:30:30]}
Ke3 {[%clk 1:30:30]} 53. Ke1 {[%clk 1:30:30]} f2+ {[%clk 1:30:30]} 54. Kf1 {[%clk
1:30:30]} Kf3 {[%clk 1:30:30]} 55. h3 {[%clk 1:30:30]} g3 {[%clk 1:30:30]} 56. h4
{[%clk 1:30:30]} g2# {[%clk 1:30:30]} 0-1

[Event "Campeonato España Sub 12"]
[Site "Salobreña"]
[Date "2017.07.10"]
[Round "1"]
[White "Pedchenko, Alex"]
[Black "Gutierrez Lupion, Nuria"]
[Result "1-0"]
[Board "16"]
[WhiteClock "-:--:--"]
[WhiteElo "1734"]
[WhiteCountry "ESP"]
[WhiteFideId "24522732"]
[WhiteEloChange "2"]
[BlackClock "-:--:--"]
[BlackElo "1309"]
[BlackCountry "ESP"]
[BlackFideId "24516392"]
[BlackEloChange "-2"]

1. d4 {[%clk 1:30:30]} Nf6 {[%clk 1:30:30]} 2. Nf3 {[%clk 1:30:30]} g6 {[%clk
1:30:30]} 3. g3 {[%clk 1:30:30]} Bg7 {[%clk 1:30:30]} 4. Bg2 {[%clk 1:30:30]} O-O
{[%clk 1:30:30]} 5. O-O {[%clk 1:30:30]} d6 {[%clk 1:30:30]} 6. c4 {[%clk
1:30:30]} Bf5 {[%clk 1:30:30]} 7. Nc3 {[%clk 1:30:30]} Nbd7 {[%clk 1:30:30]} 8.
h3 {[%clk 1:30:30]} c5 {[%clk 1:30:30]} 9. Re1 {[%clk 1:30:30]} Nb6 {[%clk
1:30:30]} 10. b3 {[%clk 1:30:30]} Rc8 {[%clk 1:30:30]} 11. Bb2 {[%clk 1:30:30]}
Qc7 {[%clk 1:30:30]} 12. Nb5 {[%clk 1:30:30]} Qb8 {[%clk 1:30:30]} 13. dxc5
{[%clk 1:30:30]} dxc5 {[%clk 1:30:30]} 14. Be5 {[%clk 1:30:30]} Qa8 {[%clk
1:30:30]} 15. Nc7 {[%clk 1:30:30]} Rxc7 {[%clk 1:30:30]} 16. Bxc7 {[%clk
1:30:30]} Qc8 {[%clk 1:30:30]} 17. Be5 {[%clk 1:30:30]} Rd8 {[%clk 1:30:30]} 18.
Qc1 {[%clk 1:30:30]} Qe6 {[%clk 1:30:30]} 19. Qb2 {[%clk 1:30:30]} Nbd7 {[%clk
1:30:30]} 20. Rad1 {[%clk 1:30:30]} Rc8 {[%clk 1:30:30]} 21. Bc3 {[%clk 1:30:30]}
h6 {[%clk 1:30:30]} 22. h4 {[%clk 1:30:30]} Be4 {[%clk 1:30:30]} 23. Nd2 {[%clk
1:30:30]} Bxg2 {[%clk 1:30:30]} 24. Kxg2 {[%clk 1:30:30]} a6 {[%clk 1:30:30]} 25.
Nf3 {[%clk 1:30:30]} b5 {[%clk 1:30:30]} 26. Bxf6 {[%clk 1:30:30]} Bxf6 {[%clk
1:30:30]} 27. Qc2 {[%clk 1:30:30]} Bg7 {[%clk 1:30:30]} 28. Rd3 {[%clk 1:30:30]}
Ne5 {[%clk 1:30:30]} 29. Nxe5 {[%clk 1:30:30]} Qxe5 {[%clk 1:30:30]} 30. Rd5
{[%clk 1:30:30]} Qc7 {[%clk 1:30:30]} 31. Red1 {[%clk 1:30:30]} Qc6 {[%clk
1:30:30]} 32. Kg1 {[%clk 1:30:30]} Bf6 {[%clk 1:30:30]} 33. Rd8+ {[%clk 1:30:30]}
Rxd8 {[%clk 1:30:30]} 34. Rxd8+ {[%clk 1:30:30]} Kg7 {[%clk 1:30:30]} 35. Qd3
{[%clk 1:30:30]} b4 {[%clk 1:30:30]} 36. Qd7 {[%clk 1:30:30]} Qe4 {[%clk
1:30:30]} 37. Qe8 {[%clk 1:30:30]} Qb1+ {[%clk 1:30:30]} 38. Kh2 {[%clk 1:30:30]}
Bd4 {[%clk 1:30:30]} 39. Qh8# {[%clk 1:30:30]} 1-0

[Event "Campeonato España Sub 12"]
[Site "Salobreña"]
[Date "2017.07.10"]
[Round "1"]
[White "Pellejero Lacueva, Irene"]
[Black "Mendoza Barcia, Pedro"]
[Result "0-1"]
[Board "17"]
[WhiteClock "-:--:--"]
[WhiteElo "1290"]
[WhiteCountry "ESP"]
[WhiteFideId "24560464"]
[WhiteEloChange "-2"]
[BlackClock "-:--:--"]
[BlackElo "1743"]
[BlackCountry "ESP"]
[BlackFideId "32055641"]
[BlackEloChange "2"]

1. e4 {[%clk 1:30:30]} c5 {[%clk 1:30:30]} 2. Nf3 {[%clk 1:30:30]} e6 {[%clk
1:30:30]} 3. d4 {[%clk 1:30:30]} cxd4 {[%clk 1:30:30]} 4. Nxd4 {[%clk 1:30:30]}
Nf6 {[%clk 1:30:30]} 5. Nc3 {[%clk 1:30:30]} Bb4 {[%clk 1:30:30]} 6. Bd3 {[%clk
1:30:30]} Nc6 {[%clk 1:30:30]} 7. Be3 {[%clk 1:30:30]} d5 {[%clk 1:30:30]} 8.
Nxc6 {[%clk 1:30:30]} bxc6 {[%clk 1:30:30]} 9. exd5 {[%clk 1:30:30]} cxd5 {[%clk
1:30:30]} 10. a3 {[%clk 1:30:30]} Ba5 {[%clk 1:30:30]} 11. b4 {[%clk 1:30:30]}
Bb6 {[%clk 1:30:30]} 12. Bxb6 {[%clk 1:30:30]} axb6 {[%clk 1:30:30]} 13. O-O
{[%clk 1:30:30]} O-O {[%clk 1:30:30]} 14. g3 {[%clk 1:30:30]} Bb7 {[%clk
1:30:30]} 15. Re1 {[%clk 1:30:30]} Re8 {[%clk 1:30:30]} 16. Bf1 {[%clk 1:30:30]}
Qc7 {[%clk 1:30:30]} 17. Nb5 {[%clk 1:30:30]} Qd7 {[%clk 1:30:30]} 18. Qd4 {[%clk
1:30:30]} Qc6 {[%clk 1:30:30]} 19. Qe3 {[%clk 1:30:30]} d4 {[%clk 1:30:30]} 20.
Qxd4 {[%clk 1:30:30]} Qh1# {[%clk 1:30:30]} 0-1

[Event "Campeonato España Sub 12"]
[Site "Salobreña"]
[Date "2017.07.10"]
[Round "1"]
[White "Abrisqueta Zudaire, Leyre"]
[Black "Martinez Gamiz, Marc"]
[Result "1-0"]
[Board "18"]
[WhiteClock "-:--:--"]
[WhiteElo "1605"]
[WhiteCountry "ESP"]
[WhiteFideId "32092253"]
[WhiteEloChange "3"]
[BlackClock "-:--:--"]
[BlackElo "1300"]
[BlackCountry "AND"]
[BlackFideId "6900976"]
[BlackEloChange "-3"]

1. d4 {[%clk 1:30:30]} d5 {[%clk 1:30:30]} 2. Nf3 {[%clk 1:30:30]} Nf6 {[%clk
1:30:30]} 3. e3 {[%clk 1:30:30]} g6 {[%clk 1:30:30]} 4. Bd3 {[%clk 1:30:30]} Bg7
{[%clk 1:30:30]} 5. Nbd2 {[%clk 1:30:30]} O-O {[%clk 1:30:30]} 6. O-O {[%clk
1:30:30]} Bg4 {[%clk 1:30:30]} 7. h3 {[%clk 1:30:30]} Bxf3 {[%clk 1:30:30]} 8.
Nxf3 {[%clk 1:30:30]} Nbd7 {[%clk 1:30:30]} 9. c4 {[%clk 1:30:30]} c6 {[%clk
1:30:30]} 10. Re1 {[%clk 1:30:30]} Ne4 {[%clk 1:30:30]} 11. Qc2 {[%clk 1:30:30]}
Nef6 {[%clk 1:30:30]} 12. b3 {[%clk 1:30:30]} e6 {[%clk 1:30:30]} 13. Bb2 {[%clk
1:30:30]} c5 {[%clk 1:30:30]} 14. Rad1 {[%clk 1:30:30]} Rc8 {[%clk 1:30:30]} 15.
Qe2 {[%clk 1:30:30]} Qa5 {[%clk 1:30:30]} 16. a3 {[%clk 1:30:30]} Qb6 {[%clk
1:30:30]} 17. Nd2 {[%clk 1:30:30]} Rfe8 {[%clk 1:30:30]} 18. cxd5 {[%clk
1:30:30]} exd5 {[%clk 1:30:30]} 19. Bb5 {[%clk 1:30:30]} a6 {[%clk 1:30:30]} 20.
Bxd7 {[%clk 1:30:30]} Nxd7 {[%clk 1:30:30]} 21. dxc5 {[%clk 1:30:30]} Nxc5 {[%clk
1:30:30]} 22. Bxg7 {[%clk 1:30:30]} Kxg7 {[%clk 1:30:30]} 23. b4 {[%clk 1:30:30]}
Na4 {[%clk 1:30:30]} 24. Qg4 {[%clk 1:30:30]} Nb2 {[%clk 1:30:30]} 25. Rc1 {[%clk
1:30:30]} Rcd8 {[%clk 1:30:30]} 26. Rb1 {[%clk 1:30:30]} Nd3 {[%clk 1:30:30]} 27.
Red1 {[%clk 1:30:30]} Ne5 {[%clk 1:30:30]} 28. Qg3 {[%clk 1:30:30]} d4 {[%clk
1:30:30]} 29. exd4 {[%clk 1:30:30]} Rxd4 {[%clk 1:30:30]} 30. Nf3 {[%clk
1:30:30]} Nxf3+ {[%clk 1:30:30]} 31. Qxf3 {[%clk 1:30:30]} Rxd1+ {[%clk 1:30:30]}
32. Rxd1 {[%clk 1:30:30]} Qc7 {[%clk 1:30:30]} 33. Qd3 {[%clk 1:30:30]} Re7
{[%clk 1:30:30]} 34. Qd4+ {[%clk 1:30:30]} Qe5 {[%clk 1:30:30]} 35. Qd8 {[%clk
1:30:30]} Qh5 {[%clk 1:30:30]} 36. a4 {[%clk 1:30:30]} Qh4 {[%clk 1:30:30]} 37.
Qd2 {[%clk 1:30:30]} Qe4 {[%clk 1:30:30]} 38. a5 {[%clk 1:30:30]} Rc7 {[%clk
1:30:30]} 39. Qb2+ {[%clk 1:30:30]} f6 {[%clk 1:30:30]} 40. Qd2 {[%clk 1:30:30]}
Rc4 {[%clk 1:30:30]} 41. Qd7+ {[%clk 1:30:30]} Kh6 {[%clk 1:30:30]} 1-0

[Event "Campeonato España Sub 12"]
[Site "Salobreña"]
[Date "2017.07.10"]
[Round "1"]
[White "Ramirez Ocana, Eneas"]
[Black "Jimenez Munoz, Nicolas"]
[Result "0-1"]
[Board "19"]
[WhiteClock "-:--:--"]
[WhiteElo "1317"]
[WhiteCountry "ESP"]
[WhiteFideId "54505640"]
[WhiteEloChange "-2"]
[BlackClock "-:--:--"]
[BlackElo "1709"]
[BlackCountry "ESP"]
[BlackFideId "32092172"]
[BlackEloChange "2"]

1. e4 {[%clk 1:30:30]} c5 {[%clk 1:30:30]} 2. Nf3 {[%clk 1:30:30]} d6 {[%clk
1:30:30]} 3. d4 {[%clk 1:30:30]} cxd4 {[%clk 1:30:30]} 4. Nxd4 {[%clk 1:30:30]}
Nf6 {[%clk 1:30:30]} 5. Nc3 {[%clk 1:30:30]} a6 {[%clk 1:30:30]} 6. Bg5 {[%clk
1:30:30]} e6 {[%clk 1:30:30]} 7. f4 {[%clk 1:30:30]} Be7 {[%clk 1:30:30]} 8. Qf3
{[%clk 1:30:30]} Qc7 {[%clk 1:30:30]} 9. O-O-O {[%clk 1:30:30]} Nbd7 {[%clk
1:30:30]} 10. g4 {[%clk 1:30:30]} b5 {[%clk 1:30:30]} 11. Bd3 {[%clk 1:30:30]}
Bb7 {[%clk 1:30:30]} 12. Kb1 {[%clk 1:30:30]} Rc8 {[%clk 1:30:30]} 13. h4 {[%clk
1:30:30]} h6 {[%clk 1:30:30]} 14. Bxf6 {[%clk 1:30:30]} Bxf6 {[%clk 1:30:30]} 15.
Nce2 {[%clk 1:30:30]} Qb6 {[%clk 1:30:30]} 16. Nb3 {[%clk 1:30:30]} Nc5 {[%clk
1:30:30]} 17. Nxc5 {[%clk 1:30:30]} dxc5 {[%clk 1:30:30]} 18. Ng3 {[%clk
1:30:30]} c4 {[%clk 1:30:30]} 19. Be2 {[%clk 1:30:30]} c3 {[%clk 1:30:30]} 20. b3
{[%clk 1:30:30]} Qa5 {[%clk 1:30:30]} 21. Qd3 {[%clk 1:30:30]} Rd8 {[%clk
1:30:30]} 22. Qe3 {[%clk 1:30:30]} Rd2 {[%clk 1:30:30]} 23. Rxd2 {[%clk 1:30:30]}
cxd2 {[%clk 1:30:30]} 24. Rd1 {[%clk 1:30:30]} Qc3 {[%clk 1:30:30]} 25. Qxc3
{[%clk 1:30:30]} Bxc3 {[%clk 1:30:30]} 26. Bd3 {[%clk 1:30:30]} Ke7 {[%clk
1:30:30]} 27. Ne2 {[%clk 1:30:30]} b4 {[%clk 1:30:30]} 28. Nxc3 {[%clk 1:30:30]}
bxc3 {[%clk 1:30:30]} 29. f5 {[%clk 1:30:30]} exf5 {[%clk 1:30:30]} 30. gxf5
{[%clk 1:30:30]} Re8 {[%clk 1:30:30]} 31. a3 {[%clk 1:30:30]} Rf8 {[%clk
1:30:30]} 0-1